| 000 | 00626nam a22002052 4500 | ||
|---|---|---|---|
| 001 | 0000024153 | ||
| 005 | 20151021151150.0 | ||
| 008 | 130614s xx 000 0 eng d | ||
| 020 | _a8131727591 : | ||
| 040 |
_aKABU _cKABU |
||
| 100 | 1 |
_aSubramanian, Mani. _@0000156329 |
|
| 245 | 1 | 0 |
_aNetwork management : _bprinciples and practice / _cMani Subramanian. |
| 250 | _a2nd ed. | ||
| 260 |
_aDelhi : _bPearson, _c2010. |
||
| 300 | _axxvi, 695 p. | ||
| 650 | 0 |
_aComputer networks _xManagement. _@0000156312 |
|
| 852 | 1 | _9p2040 KES | |
| 908 | _a130614 | ||
| 950 | _@1 | ||
| 999 |
_c1397 _d1397 |
||